000 00577nam a2200193Ia 4500
003 GCL
008 140319s9999 xx 000 0 ara d
040 _aGCL /
_cGCL
082 0 4 _aد
_b050
100 1 _aشوقى ضيف
245 1 0 _aمعى: الجزء الثانى ذكريات ومشاهير ( اقرا 539 ) /
_cشوقى ضيف
490 _aوثائق ونصوص
_v0
650 0 4 _aالادب العربى
650 0 4 _aالادباء
650 0 4 _aالتراجم الذاتية
650 0 4 _aشوقى ضيف
650 0 4 _aالرجال - تراجم
942 _2ddc
_cCF
999 _c27174
_d27174